000 00684nam a22002057a 4500
999 _c10209
_d10209
003 BD-JhCC
005 20180421125501.0
008 180421b1976 ii ||||| |||| 00| 0 ben d
035 _a(BD-JhCC)
040 _aBD-JhCC
_dBD-JhCC
041 _aben
082 _a491.4403
_bDAB 1976
100 _aদেব, আশুতোষ
245 _aনূতন বাঙ্গালা অভিধান /
_c আশুতোষ দেব
260 _aকলিকাতা :
_bদেব সাহিত্য-কুটীর প্রাইভেট লিমিটেড
_c1976.
300 _a1645 p. :
_c26 cm.
650 _aBengali Dictionaries
942 _2ddc
_cBK